000 00725nam a2200229 a 4500
003 OSt
005 20240226094826.0
008 180419t2014 xxu||||| |||| 00| 0 urd d
020 _a97896995150414
040 _c0
082 _a232
_bYAS 2014
100 1 0 _aياسمين حيدر
_9121277
245 1 0 _aمضامين انسانی حقوق
_cDr Aslam Khaki & Yasmeen Haider
246 _aMazameen Insaani Huqooq
260 _aIslamabad;
_bPictorial Printer;
_c2014.
300 _a298 p.:
650 _aHuman Right
_9121278
650 _2Civil Right
_99900
700 1 0 _aAslam Khaki
_9121279
942 _2ddc
_cBK
_aSADA
_k232 YAS 2014
999 _c608124
_d608124